00874nam a2200241 i 4500001001000000003000900010005001700019007000300036008004100039040003000080082000700110245007800117250000900195264004000204300004400244336002700288337003400315338002700349910001500376942001300391952021100404999001700615000046382DO-SdBNP20230911134156.0ta150806s1998 dr a 000 0 spa d aDO-SdBNPbspacBNPHUerda 422200aContra la violencia intrafamiliar :bversión explicada de la Ley 24-97. a5ed. aSanto Domingo :bProfamilia,c1998. a28 páginas :bilustraciones ;c28 cm. 2rdacontentatextobtxt 2rdamediaasin mediaciónbnc 2rdacarrieravolumenbn aBtavárez 2ddccLF2 00102ddc51708PDaBNPHUbBNPHUcCTd2015-08-06eDonaciónl0oBNPHU PD p46382-10r2020-06-25w2020-06-25yLF2zPerteneció a la biblioteca personal de Chiqui Vicioso / Fidelio Despradel.ZNo se presta c45871d45871